000 00520nam a2200133Ia 4500
008 100328s9999 xx 000 0 und d
082 _b54190
100 _aघारे र.अ.
245 _aनित्योपयोगी वस्तुंची दुरुस्ती
260 _bउदयम
630 _aनित्योपयोगी वस्तुंची दुरुस्ती
730 _aनित्योपयोगी वस्तुंची दुरुस्ती
942 _cBOOK
999 _c540910
_d540907